| 000 | 00595nam a22001817a 4500 | ||
|---|---|---|---|
| 005 | 20231214061833.0 | ||
| 008 | 231213b |||||||| |||| 00| 0 eng d | ||
| 020 | _a9781485137924 | ||
| 041 | _aEnglish | ||
| 082 | _a341 INT | ||
| 100 | _lEnglish | ||
| 245 |
_aInternational Economic Law (southern) African perspectives and priorities / _cedited by K Kugler and F Sucker |
||
| 250 | _aFirst Edition | ||
| 260 |
_aCape Town : _bJuta and Company Ltd, _c2021 |
||
| 300 |
_blxxxiii, 659 pages ; _c25 cm. |
||
| 650 |
_aLegal practice _bLaw |
||
| 942 |
_cBK _6ALISON_BN_VRIES |
||
| 999 |
_c1190 _d1190 |
||